00417nam a2200145Ia 4500020001700000082002100017100001900038245008500057260002800142300001800170504001300188650002200201650002400223700002400247 a0333-21845-0 aRR 808.882 BAR-; aBartlett, John 0aFamiliar quotations: a collection of passages, phrases and proverbs traced to th aLondonbMacmillanc1982 axviii, 1750p. aRef.book aProverbs, English aQuotations, English aBeck, Emily Morison